Stormlight Archive - Heralds - Statistics

General Stats
  • This quiz has been taken 145 times
  • The average score is 6 of 10
Answer Stats
Hint Answer % Correct
Herald of Justice Nale
86%
Herald of Kings Jezrien
85%
Associated with the number Kak (8) Kalak
82%
Herald of War and the Bearer of Agonies Talenel
79%
Herald of Beauty or Lady of Dreams Shalash
72%
Herald of Luck Ishar
66%
Associated with the number Chach (3) Chanarach
49%
Associated with the number Vev (4) Vedel
37%
Associated with the number Betab (7) Battar
26%
Associated with the number Palah (5) Pailiah
25%
No matching quizzes found
Score Distribution
Percent of People with Each Score
Percentile by Number Answered
Your Score History
You have not taken this quiz